Reformas al código penal; parte especial /

Guardado en:
Autor Principal: Creus, Carlos
Formato: Libro
Publicado: Buenos Aires : Astrea, 1985
Materias:
Etiquetas: Agregar Etiqueta
Sin Etiquetas, Sea el primero en etiquetar este registro!
LEADER 00777nam a22002175a 4500
001 CEM.cems001850
005 20060214000000.0
008 130507s1985##################000#0#####d
003 CEMS
082 0 4 |a 343.982 
100 1 |a Creus, Carlos 
245 1 0 |a Reformas al código penal; parte especial / 
260 |a Buenos Aires :  |b Astrea,  |c 1985 
300 |a 197 p. 
505 0 |a Contra el orden publico: Asociacion ilicita, Intimidacion publica; Contra la seguridad de la Nacion; Contra los poderes publicos y el orden constitucional; Contra la Administracion Publica; Contra la Fe Publica 
653 |a Codigo penal-reformas 
653 |a Delitos 
653 |a Derecho penal 
653 |a Estafas 
653 |a Usura 
859 |a CEMS  |b BIB. CEMS - 11 de abril  |h 343.982  |i C866  |p 13853.86  |t Ej.1